| 000 | 004410000a22001210004500 | ||
|---|---|---|---|
| 090 |
_aAS _bSeriadas |
||
| 245 | 1 | 0 | _aNueva género de Uredinales sobre filices, con implicaciones taxonómicas sobre todo el orden |
| 041 | 0 | _aEspañol | |
| 700 | 1 |
_aRodríguez, Paola A. _999824 |
|
| 100 | 1 |
_aBuriticá , Pablo _999083 |
|
| 942 | _cARTICULO | ||
| 773 | 1 |
_tRevista de Academia Colombiana de Ciencias Exactas, Físicas y Naturales _h90 _q111-115 _d2000 _g24 |
|
| 999 |
_c15557 _d15557 |
||